000 00611nam a2200205Ia 4500
005 20250507130352.0
008 008 250505s9999 xx 000 0 chi d
020 _a7-5619-0081-3
037 _aAnnuals, Advances
040 _aEASL
_beng
_cEASL
041 _achi
_2eng
084 _aT4:3(P41).41, M9
_qEASL
100 _aShi Guang Xiang Ed.
_9665384
245 0 _aDao Zhongguo Xue Hanyu
260 _aChina
_bBeijing Beijing Yuyan Xue Yuan Chubanshe China
_c1989
300 _a163p.
650 _aCL
_9642733
942 _cTEXL
_hT4:3(P41).41, M9
999 _c1319283
_d1319283